header

Germania (Record no. 210071)

MARC details
000 -LEADER
fixed length control field 01598nam a2200397 a 4500
100 1# - MAIN ENTRY--AUTHOR NAME
Personal name Tacitus, Cornelius.
245 10 - TITLE STATEMENT
Title Germania
250 ## - EDITION STATEMENT
Edition statement 3. Aufl.
260 ## - PUBLICATION, DISTRIBUTION, ETC. (IMPRINT)
Place of publication Leipzig :
Name of publisher BSB B.G. Teubner Verlagsgesellschaft,
Year of publication 1970.
300 ## - PHYSICAL DESCRIPTION
Number of Pages xliv, 128 p.
490 0# - SERIES STATEMENT
Series statement P. Cornelii Taciti libri qui supersunt ;
650 #0 - SUBJECT ADDED ENTRY--TOPICAL TERM
Topical Term Civilization, Germanic.
Topical Term Rhetoric.
700 1# - ADDED ENTRY--PERSONAL NAME
Personal name Koestermann, Erich,
856 40 - ELECTRONIC LOCATION AND ACCESS
Uniform Resource Identifier http://site.ebrary.com/lib/rucke/Doc?id=10591325

No items available.

© 2026 Rongo University
Contact us: librarian | system librarian | Rongo university